[Event "CZE-ch Seniors 50"]
[Site "Olomouc"]
[Date "2023.08.13"]
[Round "3"]
[White "Wiley, Tom E"]
[Black "Malinovsky, Petr"]
[Result "1-0"]
[WhiteElo "2146"]
[BlackElo "1956"]
[PlyCount "49"]
[EventDate "2023.08.12"]
[EventType "swiss"]
[EventRounds "9"]
[EventCountry "CZE"]
[SourceTitle "EXT 2024"]
[Source "ChessBase"]
[SourceDate "2023.10.10"]
[SourceVersion "1"]
[SourceVersionDate "2023.10.10"]
[SourceQuality "1"]

1. d4 d5 2. c4 e6 3. Nc3 c6 4. e3 f5 5. Bd3 Nf6 6. Nge2 Bd6 7. f3 0-0 8. Qc2 b6 9. Bd2 Na6 10. a3 Nc7 11. cxd5 cxd5 12. 0-0 Ba6 13. Bxa6 Nxa6 14. Nb5 Be7 15. Qa4 Qc8 16. Rac1 Qb7 17. Rc3 Rfc8 18. Rfc1 Rxc3 19. Rxc3 Ne8 20. Nf4 Kf7 21. Nd3 Nd6 22. Ne5+ Kf8 23. Be1 Rc8 24. Nxd6 Bxd6 25. Qd7 1-0

[Event "Valasska Bystrice op 13th"]
[Site "Valasska Bystrice"]
[Date "2022.09.11"]
[Round "2"]
[White "Malinovsky, Petr"]
[Black "Fiser, Jiri1111"]
[Result "1-0"]
[WhiteElo "1976"]
[BlackElo "1798"]
[PlyCount "63"]
[EventDate "2022.09.10"]
[EventType "swiss"]
[EventRounds "9"]
[EventCountry "CZE"]
[SourceTitle "CBM 210 Extra"]
[Source "ChessBase"]
[SourceDate "2022.11.30"]
[SourceVersion "1"]
[SourceVersionDate "2022.11.30"]
[SourceQuality "1"]

1. d4 f5 2. Nc3 d5 3. Bf4 a6 4. e3 e6 5. Nf3 c5 6. dxc5 Bxc5 7. Bd3 Nf6 8. 0-0 0-0 9. Ne2 Nc6 10. c4 Qe7 11. Rc1 Kh8 12. Ned4 Bd7 13. cxd5 Nxd5 14. Bg5 Qd6 15. Nb3 Ba7 16. Bc4 Bb8 17. Bxd5 Qxd5 18. Qxd5 exd5 19. Rfd1 h6 20. Bf4 g5 21. Bxb8 Raxb8 22. Nc5 Rf7 23. Rxd5 Be8 24. a3 Kg7 25. Rcd1 Ne7 26. Rd6 Ng6 27. h3 Rf6 28. Nd4 Ne7 29. Nde6+ Kg6 30. Nf8+ Kf7 31. Rxf6+ Kxf6 32. Nfd7+ 1-0

[Event "Pardubice rapid op 33rd"]
[Site "Pardubice"]
[Date "2022.07.20"]
[Round "2"]
[White "Malinovsky, Petr"]
[Black "Stocek, Jiri"]
[Result "0-1"]
[WhiteElo "1959"]
[BlackElo "2548"]
[PlyCount "70"]
[EventDate "2022.07.20"]
[EventType "swiss (rapid)"]
[EventRounds "9"]
[EventCountry "CZE"]
[SourceTitle "CBM 209 Extra"]
[Source "ChessBase"]
[SourceDate "2022.09.30"]
[SourceVersion "1"]
[SourceVersionDate "2022.09.30"]
[SourceQuality "1"]

1. d4 Nf6 2. c4 c5 3. d5 b5 4. cxb5 a6 5. bxa6 g6 6. Nc3 Bg7 7. e4 0-0 8. Nf3 Qa5 9. Bd2 Bxa6 10. Bxa6 Qxa6 11. Qe2 e6 12. Qxa6 Nxa6 13. 0-0 Rfb8 14. Rab1 Nb4 15. Bf4 Rb7 16. a3 Nd3 17. Bc1 Ng4 18. h3 Ngxf2 19. Be3 Bxc3 20. bxc3 Rxb1 21. Rxb1 Nxe4 22. dxe6 dxe6 23. Rb7 Nxc3 24. Ng5 Rf8 25. Rd7 Nd5 26. Bd2 Ne5 27. Rb7 c4 28. Ne4 h5 29. a4 Rc8 30. Nc3 Nc6 31. Nb5 Ra8 32. Nd6 c3 33. Bg5 Ne5 34. Ne4 c2 35. Rb2 Rxa4 0-1

[Event "Pardubice rapid op 33rd"]
[Site "Pardubice"]
[Date "2022.07.20"]
[Round "3"]
[White "Skoloud, Barnabas"]
[Black "Malinovsky, Petr"]
[Result "1/2-1/2"]
[WhiteElo "1852"]
[BlackElo "1959"]
[PlyCount "69"]
[EventDate "2022.07.20"]
[EventType "swiss (rapid)"]
[EventRounds "9"]
[EventCountry "CZE"]
[SourceTitle "CBM 209 Extra"]
[Source "ChessBase"]
[SourceDate "2022.09.30"]
[SourceVersion "1"]
[SourceVersionDate "2022.09.30"]
[SourceQuality "1"]

1. e4 c5 2. c4 e5 3. Nc3 Nc6 4. d3 d6 5. g3 f5 6. Bg2 Nf6 7. Nge2 Be7 8. 0-0 0-0 9. a3 Rb8 10. Rb1 Nd4 11. Nxd4 cxd4 12. Nd5 Nxd5 13. exd5 b6 14. f4 Bf6 15. Bd2 Rf7 16. b4 Bd7 17. b5 Qc7 18. a4 Re8 19. Bb4 e4 20. Re1 e3 21. Qb3 g5 22. Qa3 Be7 23. fxg5 f4 24. gxf4 Rxf4 25. Rf1 Ref8 26. Rxf4 Rxf4 27. Rf1 Rxf1+ 28. Bxf1 Bg4 29. Qb2 Qd7 30. Qxd4 Bxg5 31. Bc3 h6 32. Qh8+ Kf7 33. Qg7+ Ke8 34. Qg8+ Ke7 35. Qg7+ 1/2-1/2

[Event "Ostrava Konik op-A"]
[Site "Ostrava"]
[Date "2022.05.05"]
[Round "6"]
[White "Dwilewicz, Katarzyna"]
[Black "Malinovsky, Petr"]
[Result "1-0"]
[WhiteElo "2079"]
[BlackElo "1930"]
[PlyCount "121"]
[EventDate "2022.04.30"]
[EventType "swiss"]
[EventRounds "9"]
[EventCountry "CZE"]
[SourceTitle "CBM 208 Extra"]
[Source "ChessBase"]
[SourceDate "2022.07.31"]
[SourceVersion "1"]
[SourceVersionDate "2022.07.31"]
[SourceQuality "1"]

1. e4 c5 2. Nf3 g6 3. d4 cxd4 4. Nxd4 Nc6 5. Nc3 Bg7 6. Be3 Nf6 7. Nxc6 bxc6 8. e5 Ng8 9. Bd4 Nh6 10. e6 0-0 11. Bxg7 Kxg7 12. exd7 Qxd7 13. Qxd7 Bxd7 14. 0-0-0 Rad8 15. Be2 Nf5 16. Rhe1 Be6 17. Bg4 Nd4 18. Bxe6 Nxe6 19. g3 Rxd1+ 20. Rxd1 Rd8 21. Rxd8 Nxd8 22. Kd2 Kf6 23. Kd3 Kf5 24. f3 h5 25. b4 g5 26. Ne4 g4 27. f4 f6 28. c4 e5 29. Nd6+ Ke6 30. fxe5 Kxe5 31. Nc8 a6 32. Ne7 Ke6 33. Ng6 Kf5 34. Nf8 Kg5 35. a4 h4 36. a5 hxg3 37. hxg3 Kf5 38. Nd7 Nf7 39. Kd4 Nd6 40. Nc5 Kg6 41. Nxa6 f5 42. Nc5 f4 43. gxf4 Kf5 44. Nd3 g3 45. Ke3 g2 46. Kf2 Nxc4 47. Kxg2 c5 48. bxc5 Nxa5 49. Kf3 Nc6 50. Ke3 Ke6 51. Ke4 Ne7 52. Nb4 Nf5 53. Nc2 Ng3+ 54. Kf3 Nf5 55. Ne3 Nd4+ 56. Ke4 Nb3 57. f5+ Kd7 58. Kd5 Na5 59. Nc4 Nb3 60. f6 Nxc5 61. Ne5+ 1-0

[Event "Pardubice Czech op-A 32nd"]
[Site "Pardubice"]
[Date "2021.07.26"]
[Round "4"]
[White "Soural, Jan"]
[Black "Malinovsky, Petr"]
[Result "1-0"]
[WhiteElo "2236"]
[BlackElo "2070"]
[PlyCount "73"]
[EventDate "2021.07.23"]
[EventType "swiss"]
[EventRounds "9"]
[EventCountry "CZE"]
[SourceTitle "CBM 203 Extra"]
[Source "ChessBase"]
[SourceDate "2021.09.30"]
[SourceVersion "1"]
[SourceVersionDate "2021.09.30"]
[SourceQuality "1"]

1. c4 e6 2. Nf3 d5 3. g3 Nf6 4. Bg2 Be7 5. 0-0 0-0 6. d4 c6 7. Nbd2 b6 8. Qc2 Bb7 9. e4 dxe4 10. Nxe4 Nxe4 11. Qxe4 Nd7 12. Rd1 Nf6 13. Qc2 Qc8 14. c5 Nd5 15. Bg5 f6 16. Bd2 e5 17. b4 a5 18. a3 axb4 19. axb4 Re8 20. Rxa8 Bxa8 21. dxe5 fxe5 22. Nxe5 Bf6 23. Nc4 Qa6 24. Be4 h6 25. Bh7+ Kh8 26. Nd6 Rf8 27. Re1 Be7 28. Bxh6 gxh6 29. Qg6 Bxd6 30. Qxh6 Qa7 31. Bf5+ Kg8 32. Be6+ Rf7 33. cxd6 b5 34. Qg6+ Kf8 35. Bxf7 Qxf7 36. Qxf7+ Kxf7 37. d7 1-0

[Event "Pardubice Czech op-A 32nd"]
[Site "Pardubice"]
[Date "2021.07.24"]
[Round "2"]
[White "Skawinski, Arkadiusz"]
[Black "Malinovsky, Petr"]
[Result "1-0"]
[WhiteElo "2358"]
[BlackElo "2070"]
[PlyCount "71"]
[EventDate "2021.07.23"]
[EventType "swiss"]
[EventRounds "9"]
[EventCountry "CZE"]
[SourceTitle "CBM 203 Extra"]
[Source "ChessBase"]
[SourceDate "2021.09.30"]
[SourceVersion "1"]
[SourceVersionDate "2021.09.30"]
[SourceQuality "1"]

1. e4 c5 2. Nf3 g6 3. d4 cxd4 4. Qxd4 Nf6 5. Nc3 Nc6 6. Qa4 d6 7. e5 dxe5 8. Nxe5 Qd4 9. Nxc6 Qxa4 10. Nxa4 bxc6 11. b3 Bg7 12. Bb2 0-0 13. Bd3 e5 14. 0-0-0 Ng4 15. Rdf1 f5 16. Bc4+ Kh8 17. h3 Nh6 18. f3 Nf7 19. Ba3 Nd8 20. Bxf8 Bxf8 21. Rd1 Nb7 22. Rhe1 e4 23. fxe4 Nd6 24. exf5 Bxf5 25. Be6 Ne4 26. Bxf5 gxf5 27. c3 Bh6+ 28. Kc2 Rg8 29. g4 Nf2 30. Rd6 Bf4 31. Rd7 Nxh3 32. Ree7 Ng5 33. gxf5 h5 34. Nc5 h4 35. Ne4 Bg3 36. Nf6 1-0

[Event "Ceske Budejovice op"]
[Site "Ceske Budejovice"]
[Date "2021.07.05"]
[Round "5"]
[White "Malinovsky, Petr"]
[Black "Kantorik, Marian"]
[Result "1/2-1/2"]
[WhiteElo "2070"]
[BlackElo "2212"]
[PlyCount "92"]
[EventDate "2021.07.01"]
[EventType "swiss"]
[EventRounds "9"]
[EventCountry "CZE"]
[SourceTitle "CBM 203 Extra"]
[Source "ChessBase"]
[SourceDate "2021.09.30"]
[SourceVersion "1"]
[SourceVersionDate "2021.09.30"]
[SourceQuality "1"]

1. Nf3 d5 2. g3 g6 3. Bg2 Bg7 4. d4 Nf6 5. 0-0 0-0 6. c3 b6 7. Nbd2 Bb7 8. Re1 Nbd7 9. e4 Nxe4 10. Nxe4 dxe4 11. Ng5 Nf6 12. Qe2 Re8 13. Bf4 h6 14. Nxe4 Nxe4 15. Bxe4 Bxe4 16. Qxe4 g5 17. Be3 e6 18. Rad1 Qd5 19. Bc1 Rad8 20. a3 c5 21. Qxd5 exd5 22. Rxe8+ Rxe8 23. dxc5 bxc5 24. Kf1 d4 25. cxd4 cxd4 26. b4 f5 27. Bb2 Kf7 28. Rd2 Rd8 29. Ke2 d3+ 30. Kd1 Bf8 31. Bc3 Ke6 32. a4 g4 33. b5 Bc5 34. a5 Rb8 35. Rxd3 Rxb5 36. Ke2 Bb4 37. Bxb4 Rxb4 38. Rd8 Ra4 39. Rh8 Rxa5 40. Rxh6+ Ke5 41. h4 Ra2+ 42. Ke3 Ra3+ 43. Ke2 f4 44. gxf4+ Kxf4 45. Rf6+ Ke4 46. h5 Ke5 1/2-1/2

[Event "CZE-ch"]
[Site "Plzen"]
[Date "2020.08.28"]
[Round "6"]
[White "Simek, Petr1111"]
[Black "Malinovsky, Petr"]
[Result "1-0"]
[WhiteElo "2324"]
[BlackElo "2081"]
[PlyCount "71"]
[EventDate "2020.08.23"]
[EventType "swiss"]
[EventRounds "9"]
[EventCountry "CZE"]
[SourceTitle "CBM 198 Extra"]
[Source "ChessBase"]
[SourceDate "2020.11.30"]
[SourceVersion "1"]
[SourceVersionDate "2020.11.30"]
[SourceQuality "1"]

1. c4 e6 2. Nc3 d5 3. d4 a6 4. cxd5 exd5 5. Qb3 c6 6. e4 dxe4 7. Bc4 Qe7 8. a4 Nf6 9. Bg5 Be6 10. Bxe6 fxe6 11. Nge2 h6 12. Bxf6 gxf6 13. 0-0 f5 14. Nf4 Kf7 15. Nxe6 Qxe6 16. Qxb7+ Nd7 17. Qxa8 Bg7 18. Qxa6 Bxd4 19. Rad1 c5 20. Qxe6+ Kxe6 21. Ne2 Be5 22. b3 Rb8 23. Rb1 Nf6 24. Rfc1 Bd6 25. Nc3 Ng4 26. h3 Ne5 27. Rd1 Rg8 28. Nb5 Bb8 29. a5 f4 30. Kh1 Nd3 31. Rd2 Nb4 32. Re1 Ke5 33. Nc3 e3 34. fxe3 f3 35. gxf3 Rg3 36. f4+ 1-0

[Event "CZE-ch"]
[Site "Plzen"]
[Date "2020.08.26"]
[Round "4"]
[White "Jezek, Jan"]
[Black "Malinovsky, Petr"]
[Result "1/2-1/2"]
[WhiteElo "2162"]
[BlackElo "2081"]
[PlyCount "83"]
[EventDate "2020.08.23"]
[EventType "swiss"]
[EventRounds "9"]
[EventCountry "CZE"]
[SourceTitle "CBM 198 Extra"]
[Source "ChessBase"]
[SourceDate "2020.11.30"]
[SourceVersion "1"]
[SourceVersionDate "2020.11.30"]
[SourceQuality "1"]

1. e4 c5 2. c3 g6 3. Nf3 Bg7 4. d3 d5 5. Nbd2 d4 6. cxd4 cxd4 7. b4 e5 8. Be2 b5 9. 0-0 Ne7 10. a4 Bd7 11. Qc2 a6 12. axb5 Bxb5 13. Nc4 Nbc6 14. Bd2 0-0 15. Rfc1 h6 16. Bd1 Kh7 17. Na3 Qb6 18. Nxb5 Qxb5 19. Qb1 Rfb8 20. Ba4 Qb6 21. Qa2 Nxb4 22. Qxf7 Qf6 23. Qc4 a5 24. h4 Rc8 25. Qb3 Rcb8 26. Rab1 Nec6 27. Qc4 Rc8 28. Qb3 Rab8 29. Bxc6 Rxc6 30. Rxc6 Nxc6 31. Qa2 Rxb1+ 32. Qxb1 Nb4 33. Bxb4 Qb6 34. Qb3 axb4 35. Nd2 Qa5 36. Kf1 Qa1+ 37. Ke2 Qc3 38. Qf7 h5 39. g3 Qc8 40. Nf3 Qc2+ 41. Nd2 Qc8 42. Nf3 1/2-1/2

[Event "CZE-ch"]
[Site "Plzen"]
[Date "2020.08.25"]
[Round "3"]
[White "Pychova, Nela"]
[Black "Malinovsky, Petr"]
[Result "1/2-1/2"]
[WhiteElo "2159"]
[BlackElo "2081"]
[PlyCount "44"]
[EventDate "2020.08.23"]
[EventType "swiss"]
[EventRounds "9"]
[EventCountry "CZE"]
[SourceTitle "CBM 198 Extra"]
[Source "ChessBase"]
[SourceDate "2020.11.30"]
[SourceVersion "1"]
[SourceVersionDate "2020.11.30"]
[SourceQuality "1"]

1. Nf3 d5 2. g3 e6 3. Bg2 Nf6 4. 0-0 Be7 5. d3 0-0 6. Nbd2 b6 7. c4 Bb7 8. Qc2 c5 9. a3 Nbd7 10. b3 Qc7 11. Bb2 Rad8 12. Rac1 Qb8 13. Qb1 d4 14. b4 e5 15. Ba1 Qa8 16. Nh4 Bxg2 17. Nxg2 Nh5 18. Rc2 f5 19. Rb2 Bg5 20. Nf3 Be7 21. Nd2 Bg5 22. Nf3 Be7 1/2-1/2

[Event "Ceske Budejovice op-A"]
[Site "Ceske Budejovice"]
[Date "2020.07.05"]
[Round "5"]
[White "Malinovsky, Petr"]
[Black "Stevik, Patrik1111"]
[Result "1/2-1/2"]
[WhiteElo "2102"]
[BlackElo "2047"]
[PlyCount "23"]
[EventDate "2020.07.01"]
[EventType "swiss"]
[EventRounds "9"]
[EventCountry "CZE"]
[SourceTitle "CBM 197 Extra"]
[Source "ChessBase"]
[SourceDate "2020.09.30"]
[SourceVersion "1"]
[SourceVersionDate "2020.09.30"]
[SourceQuality "1"]

1. d4 Nf6 2. c4 e6 3. Nc3 Bb4 4. e3 0-0 5. Bd3 b6 6. Nge2 Bb7 7. 0-0 d5 8. a3 Be7 9. b4 dxc4 10. Bxc4 Nbd7 11. Bb2 c5 12. b5 1/2-1/2

[Event "Marianske Lazne op Seniors"]
[Site "Marianske Lazne"]
[Date "2020.01.20"]
[Round "3"]
[White "Malinovsky, Petr"]
[Black "Mikulas, Dusan"]
[Result "1/2-1/2"]
[WhiteElo "2091"]
[BlackElo "1969"]
[PlyCount "46"]
[EventDate "2020.01.18"]
[EventType "swiss"]
[EventRounds "9"]
[EventCountry "CZE"]
[SourceTitle "EXT 2022"]
[Source "ChessBase"]
[SourceDate "2021.10.06"]
[SourceVersion "1"]
[SourceVersionDate "2021.10.06"]
[SourceQuality "1"]

1. d4 Nf6 2. c4 d6 3. Nc3 g6 4. e4 Bg7 5. f3 0-0 6. Be3 e5 7. Nge2 c6 8. Qd2 Qa5 9. d5 c5 10. g4 a6 11. Ng3 Bd7 12. h4 b5 13. h5 b4 14. Nd1 Ba4 15. Nf2 Ra7 16. Bd3 Rb7 17. Ke2 Rc8 18. Rag1 Qb6 19. Bh6 Bh8 20. Nf5 Ne8 21. Rg2 Rcc7 22. b3 Bd7 23. hxg6 fxg6 1/2-1/2

[Event "Marianske Lazne op Seniors"]
[Site "Marianske Lazne"]
[Date "2020.01.19"]
[Round "2"]
[White "Husak, Antonin"]
[Black "Malinovsky, Petr"]
[Result "0-1"]
[WhiteElo "1830"]
[BlackElo "2091"]
[PlyCount "77"]
[EventDate "2020.01.18"]
[EventType "swiss"]
[EventRounds "9"]
[EventCountry "CZE"]
[SourceTitle "EXT 2022"]
[Source "ChessBase"]
[SourceDate "2021.10.06"]
[SourceVersion "1"]
[SourceVersionDate "2021.10.06"]
[SourceQuality "1"]

1. Nf3 d5 2. d4 e6 3. b3 c5 4. e3 f5 5. Bb2 Nf6 6. Nbd2 Be7 7. Bd3 0-0 8. 0-0 b6 9. Rc1 Bb7 10. c3 Qe8 11. Ne5 Nbd7 12. f4 Nxe5 13. fxe5 g5 14. exf6 Rxf6 15. Nf3 Rh6 16. Ne5 g4 17. g3 Bh4 18. Qe1 c4 19. Bb1 Bf6 20. Qf2 Bxe5 21. dxe5 Qc6 22. Rce1 d4 23. e4 d3 24. Qe3 fxe4 25. bxc4 Rh5 26. Rf4 Rf5 27. Rxg4+ Kh8 28. Bc1 Raf8 29. Rf4 Rxf4 30. gxf4 Qe8 31. h3 Qh5 32. Kh2 Rg8 33. Bd2 Rg6 34. Rg1 Rxg1 35. Kxg1 Qd1+ 36. Qe1 Qf3 37. Qf1 Qg3+ 38. Qg2 Qxg2+ 39. Kxg2 0-1

[Event "Ceske Budejovice op"]
[Site "Ceske Budejovice"]
[Date "2019.07.05"]
[Round "7"]
[White "Nagy, Ladislav1111"]
[Black "Malinovsky, Petr"]
[Result "1-0"]
[WhiteElo "2061"]
[BlackElo "2058"]
[PlyCount "101"]
[EventDate "2019.06.29"]
[EventType "swiss"]
[EventRounds "9"]
[EventCountry "CZE"]
[SourceTitle "CBM 191 Extra"]
[Source "ChessBase"]
[SourceDate "2019.09.30"]
[SourceVersion "1"]
[SourceVersionDate "2019.09.30"]
[SourceQuality "1"]

1. e4 c5 2. Nc3 g6 3. g3 Nc6 4. Bg2 Bg7 5. d3 d6 6. f4 f5 7. Nf3 Nf6 8. 0-0 0-0 9. Kh1 Kh8 10. Be3 Be6 11. Bg1 Bg8 12. Qd2 Qd7 13. Rfe1 Rae8 14. exf5 gxf5 15. Rad1 b6 16. d4 Ne4 17. Nxe4 fxe4 18. Rxe4 Bd5 19. Ree1 Bxf3 20. Bxf3 Nxd4 21. Bxd4 Bxd4 22. c3 Bf6 23. Qg2 Qf5 24. Be4 Qg4 25. Bc6 Rd8 26. Bf3 Qg7 27. Re6 b5 28. Rd2 b4 29. c4 a5 30. b3 Rd7 31. Bd1 Bd4 32. Rde2 Rf6 33. Bc2 Rxe6 34. Rxe6 Rd8 35. Qh3 Bf6 36. Qh5 Rf8 37. Kg2 Qf7 38. Qxf7 Rxf7 39. Kf3 Kg7 40. g4 Be5 41. Bf5 Bf6 42. Ke4 Rf8 43. g5 Bd4 44. Rxe7+ Kh8 45. Rxh7+ Kg8 46. Re7 Ra8 47. Bd7 Ra6 48. f5 Kf8 49. f6 Ra7 50. Kf5 a4 51. Re8+ 1-0